00728nam a2200241Ia 450000100060000000300090000600800410001504000130005604000130006904100120008210000160009410000290011024500220013924500730016125000110023426000110024526000200025626000490027630000590032550000360038465000350042065000310045522975IT-RoPAU130308s9999 xx 000 0 und d aIT-RoPAU cIT-RoPAU aINGLESE aHall Stuart gCodice Aut. SPICS: 10961 aEncoding/Decoding bCulture, Media, Language-Working Papers in Cultural Studies, 1972-79 a2a ed. aLONDON bHutchinson & C. c1981 [1° Ed.:1980 - Ed.Ling.Originale:1980] a"11 p. (prefazione: no ; testo: 11 [pagine: 128-138])" aCodificazione e Decodificazione aSAGGI DI COMUNICAZIONE SOCIALE eCodice materia Spics: 3807